|
|
|
|
| LEADER |
00838cam a2200217 7i4500 |
| 001 |
0000024611 |
| 005 |
20170403090000.0 |
| 008 |
081017 eng |
| 020 |
|
|
|a 9781412901970 (pbk.)
|
| 090 |
0 |
0 |
|a H62
|b .S55 2005
|
| 100 |
1 |
|
|a Silverman, David
|
| 245 |
1 |
0 |
|a Doing qualitative research :
|b a practical handbook
|c David Silverman.
|
| 250 |
|
|
|a 2nd ed.
|
| 260 |
|
|
|a Los Angeles:
|b Sage Pub.,
|c 2005.
|
| 300 |
|
|
|a xv, 395 p.:
|b ill.;
|c 25 cm.
|
| 500 |
|
|
|a Includes bibliographical references and index
|
| 650 |
0 |
0 |
|a Social sciences --
|x Research --
|x Methodology
|
| 997 |
|
|
|a Education & Social Sciences, Faculty
|b Social Sciences, Department
|
| 998 |
|
|
|a Industrial Psychology, Degree
|
| 999 |
|
|
|a 0000032110
|b BOK
|c REFERENCE
|e Ground Floor, Bestari Jaya
|
| 999 |
|
|
|a 0000032111
|b BOK
|c REFERENCE
|e Ground Floor, Bestari Jaya
|